000 00406nam a22001697a 4500
003 MACL
005 20160116160402.0
008 160116b xxu||||| |||| 00| 0 eng d
040 _cMACL
041 _aEnglish
082 _a320/KUM
100 _aKumar S
_932953
245 _aIndia's International Relations
260 _aNew Delhi
_bMaxford Books
_c2010
650 _aPolotical
_932954
942 _2ddc
_cBK
999 _c52674
_d52674